Housing problem and public action: continued incompatibility experience from a South Indian State (Record no. 62857)

000 -LEADER
fixed length control field 00458pab a2200157 454500
008 - FIXED-LENGTH DATA ELEMENTS--GENERAL INFORMATION
fixed length control field 180718b2004 xxu||||| |||| 00| 0 eng d
100 ## - MAIN ENTRY--PERSONAL NAME
Personal name Mahadeva, M.
245 ## - TITLE STATEMENT
Title Housing problem and public action: continued incompatibility experience from a South Indian State
260 ## - PUBLICATION, DISTRIBUTION, ETC.
Date of publication, distribution, etc. 2004
300 ## - PHYSICAL DESCRIPTION
Extent p.41-67.
362 ## - DATES OF PUBLICATION AND/OR SEQUENTIAL DESIGNATION
Dates of publication and/or sequential designation Jan-Jun
650 ## - SUBJECT ADDED ENTRY--TOPICAL TERM
Topical term or geographic name entry element Housing -India - Karnataka
650 ## - SUBJECT ADDED ENTRY--TOPICAL TERM
Topical term or geographic name entry element Housing
773 ## - HOST ITEM ENTRY
Main entry heading Review of Development and Change
909 ## -
-- 62857
Holdings
Withdrawn status Lost status Damaged status Not for loan Permanent Location Current Location Date acquired Serial Enumeration / chronology Barcode Date last seen Price effective from Koha item type
        Indian Institute of Public Administration Indian Institute of Public Administration 2018-07-19 Volume no: 9, Issue no: 1 AR63307 2018-07-19 2018-07-19 Articles

Powered by Koha